Vlastnosti a použitie titánu a jeho zliatin v procese tvárnenia : Bakalárska práca

Guardado en:
Detalles Bibliográficos
Autor principal: Drobný, Juraj (Autor)
Otros Autores: Mirek, Ivan, 1974- (xxx)
Formato: Manuscrito Libro
Lenguaje:eslovaco
Publicado: Trnava : STU v Bratislave MtF KTv, 2005
Materias:
Etiquetas: Agregar Etiqueta
Sin Etiquetas, Sea el primero en etiquetar este registro!

MARC

LEADER 00000ntm a22000003a 4500
001 stu95749
005 20160719155259.2
008 050929s2005----xo------------------slo-d
040 |a STU  |b slo 
041 0 |a slo 
044 |a xo 
100 1 |a Drobný, Juraj  |4 aut 
245 1 |a Vlastnosti a použitie titánu a jeho zliatin v procese tvárnenia :  |b Bakalárska práca 
260 |a Trnava :  |b STU v Bratislave MtF KTv,  |c 2005 
300 |a 52 s  |c 1 CD 
650 7 |a technológie strojárskej výroby  |2 stusub 
650 7 |a tvárnenie  |2 stusub 
650 7 |a zliatiny titánu  |2 stusub 
700 1 |a Mirek, Ivan,  |d 1974-  |4 xxx  |u M150  |U MTF Ústav výrobných technológií  |T MTF Katedra tvárnenia  |X 41638  |U M150  |Y M150  |7 A000041638 
996 |b 284M062750  |c M*BP-1074  |l MMSKP  |s P  |a 0  |w stu95749_0001